[Event "Sharjah Blitz op"]
[Site "Sharjah"]
[Date "2021.05.01"]
[Round "7.19"]
[White "Hamad, Abdul Razzaq"]
[Black "Albadin, Alaa"]
[Result "1-0"]
[WhiteElo "1830"]
[BlackElo "1359"]
[PlyCount "67"]
[EventDate "2021.05.01"]
[EventType "swiss (blitz)"]
[EventRounds "9"]
[EventCountry "UAE"]
[SourceTitle "CBM 202 Extra"]
[Source "ChessBase"]
[SourceDate "2021.07.31"]
[SourceVersion "1"]
[SourceVersionDate "2021.07.31"]
[SourceQuality "1"]

1. e4 c5 2. d4 cxd4 3. Nf3 Nc6 4. Nxd4 Nf6 5. Nc3 a6 6. Be2 e6 7. Nxc6 bxc6 8. Be3 Bb4 9. a3 Bxc3+ 10. bxc3 0-0 11. Bd3 a5 12. e5 Nd5 13. 0-0 Nxe3 14. fxe3 Ba6 15. Rf4 Qg5 16. Qf3 Qxe5 17. Qh3 Bxd3 18. cxd3 Qxc3 19. Raf1 Qxa3 20. Rh4 h6 21. Qg4 Qxd3 22. Rh3 Qg6 23. Qd4 d5 24. Rg3 Qh7 25. h4 a4 26. Rf4 a3 27. Rfg4 g6 28. h5 g5 29. Rxg5+ hxg5 30. Rxg5+ Qg6 31. hxg6 f6 32. Rh5 a2 33. Rh8+ Kxh8 34. Qh4+ 1-0